Formula 1 Drivers With 50 Podiums - Statistics

General Stats
  • This quiz has been taken 52 times
  • The average score is 15 of 17
Answer Stats
# Driver % Correct
80 Ayrton Senna
100%
202 Lewis Hamilton
100%
155 MIchael Schumacher
100%
117 Max Verstappen
98%
122 Sebastian Vettel
98%
106 Fernando Alonso
96%
106 Alain Prost
92%
103 Kimi Raikkonen
90%
57 Nico Rosberg
86%
50 Jenson Button
84%
54 Niki Lauda
80%
67 Valtteri Bottas
80%
60 Nelson Piquet
78%
51 Mika Hakkinen
76%
59 Nigel Mansell
76%
68 Rubens Barrichello
73%
62 David Coulthard
59%
No matching quizzes found
Score Distribution
Percent of People with Each Score
Percentile by Number Answered
Your Score History
You have not taken this quiz